Lógica y metodología de las ciencias : exposición programada /

Estudio que plantea por un lado, las concepciones, problemas, leyes y operaciones fundamentales de la lógica y por otro, los métodos del pensamiento científico para descubrir la verdad en cada ciencia particular: matemáticas, física, química, biología, ciencias sociales, historia, economía política...

Fuld beskrivelse

Guardado en:
Bibliografiske detaljer
Hovedforfatter: Larroyo, Francisco (autor)
Format: Bog
Sprog:spansk
Udgivet: México : Porrúa, 1975, c1975
Udgivelse:2a edición
Fag:
Tags: Tilføj Tag
Ingen Tags, Vær først til at tagge denne postø!

MARC

LEADER 00000nam^a2200000^a^4500
001 000289194
005 20250521000000.0
009 20260310111930.99
037 |a Acervo ITESO - Biblioteca 
041 |a ESP 
082 |a 160.  |b LAR 
100 |a Larroyo, Francisco  |e (autor) 
245 1 0 |a Lógica y metodología de las ciencias :  |b exposición programada /  |c F. Larroyo. 
250 |a 2a edición 
264 4 |a México :  |b Porrúa,  |c 1975, c1975 
300 |a 351 p. 
336 |a texto  |b txt  |2 rdacontenido 
337 |a sin mediación  |b n  |2 rdamedio 
338 |a volumen  |b nc  |2 rdasoporte 
520 |a Estudio que plantea por un lado, las concepciones, problemas, leyes y operaciones fundamentales de la lógica y por otro, los métodos del pensamiento científico para descubrir la verdad en cada ciencia particular: matemáticas, física, química, biología, ciencias sociales, historia, economía política y geografía. 
649 |a XX 
650 |a Verdad 
650 |a Juicio (Lógica) 
650 |a Inferencia 
650 |a Lógica -  |x Tema Principal 
650 |a Ciencia -  |x Metodología -  |x Tema Principal 
650 |a Epistemología 
650 |a Filosofía 
910 |a Fondo General 
920 |a Impresos - Libros 
930 |a Colección General 
905 |a 101 
901 |a 0500175928  |b IT1  |c ACC  |u 20250521 
902 |a https://opac.biblio.iteso.mx/vufind/Record/000289194